Loading...

Journal of Biological Chemistry, Vol.247 (1-4)

Bibliographic Details
Main Author: Tabor, Herbert, Ed
Format: Continuing Resources
Language:Undetermined
Published: Baltimore : Waverley Press, 1972
Subjects:
LEADER 00542nam a2200145Ia 4500
008 200122s9999||||xx |||||||||||||| ||und||
080 |a JBC-247  |b (1-4) 
100 |a Tabor, Herbert, Ed. 
245 0 |a Journal of Biological Chemistry, Vol.247 (1-4) 
260 |a  Baltimore :  |b Waverley Press,  |c 1972 
300 |a 1-1342 p. 
650 |a Journal of Biological Chemistry 
942 |c REF 
999 |c 262227  |d 262227 
952 |0 0  |1 0  |4 0  |6 JBC_247_14_1972_000000000000000  |7 0  |9 278435  |a BCH  |b BCH  |h  Vol.247 (1-4)  |l 0  |o JBC-247 (1-4) 1972  |p BCHJ0700  |r 2020-01-24  |w 2020-01-24  |y CR